000 nam a22 7a 4500
999 _c8523
_d8523
008 180117b ||||| |||| 00| 0 eng d
100 _94912
_aBALI.N.P
245 _aENGINEERING MATHEMATICS
260 _aNEW DELHI
_bLAXMI
_c2007